Literacy and popular culture : England 1750-1914

Bibliographic Details
Published in:Cambridge studies in oral and literate culture
Main Author: Vincent, David
Content type: Book
Published: Cambridge: Univ. Pr. 1989
Series:Cambridge studies in oral and literate culture ; 19
Source:MPIPL_cat

MARC

LEADER 00000cam a2200000 ub4500
001 PL0052141
003 PLI01000000000000000051874
005 00000000000000.0
008 ||| u
020 |a 0-521-33466-7 
020 |a 9780521334662 
090 |a 404.21-Vin/2 
100 1 |a Vincent, David 
245 0 0 |a Literacy and popular culture  |b England 1750-1914  |c David Vincent 
260 |a Cambridge  |b Univ. Pr.  |c 1989 
300 |a VIII, 362 p. 
490 0 |a Cambridge studies in oral and literate culture  |v 19 
830 0 |w PL0000945 
852 |c 404.21-Vin/2  |m BOOK 
989 |a 99-05c